El director de periódicos / (Record no. 145277)

MARC details
000 -LEADER
campo de control de longitud fija 00650nam a2200205 4500
001 - NÚMERO DE CONTROL
campo de control 145277
003 - IDENTIFICADOR DE NÚMERO DE CONTROL
campo de control ES-MaACL
005 - FECHA Y HORA DE LA ÚLTIMA TRANSACCIÓN
campo de control 20250826083546.0
007 - CAMPO FIJO DE DESCRIPCIÓN FÍSICA--INFORMACIÓN GENERAL
campo de control de longitud fija t|
008 - DATOS DE LONGITUD FIJA--INFORMACIÓN GENERAL
campo de control de longitud fija 070214s1972 sp r ||||1| spa d
100 1# - ENTRADA PRINCIPAL--NOMBRE DE PERSONA
Nombre de persona Soria, Carlos.
9 (RLIN) 107346
245 13 - MENCIÓN DEL TÍTULO
Título El director de periódicos /
Mención de responsabilidad, etc. Carlos Soria.
260 ## - PUBLICACIÓN, DISTRIBUCIÓN, ETC.
Lugar de publicación, distribución, etc. Pamplona :
Nombre del editor, distribuidor, etc. Universidad de Navarra,
Fecha de publicación, distribución, etc. 1972 (
Fabricante Gómez)
300 ## - DESCRIPCIÓN FÍSICA
Extensión 362 p. ;
Dimensiones 22 cm.
490 1# - MENCIÓN DE SERIE
Mención de serie Cuaderno de trabajo ;
Designación de volumen o secuencia 16
710 2# - ENTRADA AGREGADA--NOMBRE DE ENTIDAD CORPORATIVA
Nombre de entidad corporativa o nombre de jurisdicción como elemento de entrada Universidad de Navarra.
9 (RLIN) 7252
830 00 - PUNTO DE ACCESO ADICIONAL DE SERIE-TÍTULO UNIFORME
Título uniforme Cuadernos de trabajo (Universidad de Navarra)
Designación de volumen o secuencia 16
9 (RLIN) 190017
852 ## - LOCALIZACIÓN
Ubicación ES-MaACL
Número de control de estantería C-48387
Sublocalización o colección R.84866
Holdings
Estatus retirado Estado de pérdida Estado de daño No para préstamo Biblioteca de origen Biblioteca actual Ubicación en estantería Fecha de adquisición Fuente de adquisición Total de préstamos Signatura topográfica completa Código de barras Visto por última vez Precio de reemplazo Tipo de ítem Koha
        Biblioteca del Ateneo de Madrid Biblioteca del Ateneo de Madrid Depósito 2 17/01/2008     C-48387 1151648 23/02/2023 23/02/2023 Libro impreso